Statistics for Continents of the world quiz

Click here to take the quiz!

General Stats

  • This quiz has been taken 15 times
  • The average score is 6 of 7

Answer Stats

InitialContinent% Correct
AAsia
100%
AAfrica
90%
AAntarctica
90%
EEurope
90%
NNorth america
90%
SSouth America
90%
OOceania
80%

Score Distribution

Percentile by Number Answered

Percent of People with Each Score

Your Score History

You have not taken this quiz